Every song on Late Registration - Statistics

General Stats
  • This quiz has been taken 22 times
  • The average score is 12 of 15
Answer Stats
Streams Answer % Correct
1.15B Gold Digger
100%
63M Roses
93%
58M We Major
93%
138M Heard 'Em Say
86%
349M Touch The Sky
86%
42M Addiction
79%
82M Drive Slow
79%
32M Late
79%
29M Crack Music
71%
72M/40M Diamonds From Sierra Leone
71%
48M Gone
71%
104M Hey Mama
71%
26M Bring Me Down
64%
26M Celebration
64%
30M My Way Home
57%
No matching quizzes found
Score Distribution
Percent of People with Each Score
Percentile by Number Answered
Your Score History
You have not taken this quiz